Online Catalogue and eLibrary

Multicultural states : (Record no. 271)

MARC details
000 -LEADER
fixed length control field 00764cam a2200241 a 4500
001 - CONTROL NUMBER
control field 1669956
005 - DATE AND TIME OF LATEST TRANSACTION
control field 20240202013914.0
008 - FIXED-LENGTH DATA ELEMENTS--GENERAL INFORMATION
fixed length control field 980310s1998 enk b 001 0 eng
020 ## - INTERNATIONAL STANDARD BOOK NUMBER
ISBN 0415121582
020 ## - INTERNATIONAL STANDARD BOOK NUMBER
ISBN 0415121590 (pbk.)
040 ## - CATALOGING SOURCE (பட்டியலாக்க மூலம்)
Original cataloging agency DLC
Transcribing agency DLC
Modifying agency DLC
082 00 - DDC Classification
Class No. 306
DDC Edition Number 21
245 00 - TITLE STATEMENT
Title Multicultural states :
Remainder of title rethinking difference and identity /
Statement of responsibility, etc. edited by David Bennett.
260 ## - PUBLICATION, DISTRIBUTION, ETC.
Place of publication, distribution, etc. London ;
-- New York :
Name of publisher, distributor, etc. Routledge,
Date of publication, distribution, etc. 1998.
300 ## - PHYSICAL DESCRIPTION
Extent (e.g. Volumes, Pages etc.) xiii, 305 p. ;
650 #0 - SUBJECT ADDED ENTRY--TOPICAL TERM
Topical term or geographic name entry element Cultural pluralism
650 #0 - SUBJECT ADDED ENTRY--TOPICAL TERM
Topical term or geographic name entry element Multiculturalism.
650 #0 - SUBJECT ADDED ENTRY--TOPICAL TERM
Topical term or geographic name entry element Ethnicity
700 1# - ADDED ENTRY--PERSONAL NAME
Personal name Bennett, David,
Relator term (Role) Editor
856 42 - ELECTRONIC LOCATION AND ACCESS
Uniform Resource Identifier <a href="http://www.loc.gov/catdir/enhancements/fy0649/98017304-d.html">http://www.loc.gov/catdir/enhancements/fy0649/98017304-d.html</a>
856 42 - ELECTRONIC LOCATION AND ACCESS
Uniform Resource Identifier <a href="http://www.loc.gov/catdir/enhancements/fy1115/98017304-b.html">http://www.loc.gov/catdir/enhancements/fy1115/98017304-b.html</a>
942 ## - Koha item type (Biblio)
Koha item type Books in Stacks (Lending)
Holdings
Lost status Damaged status Collection code Home library Current library Date acquired Full call number Accession Number Item type
    Lending WERC Library WERC Library 02/02/2024 306 2960 Books in Stacks (Lending)

© WERC Library